Podrobnosti MARC
| 000 -Návěští |
| Řídící pole kódované 24B |
02398nam a2200481 i 4500 |
| 001 - Kontrolní číslo |
| Řídící pole proměnné |
nkc20253697889 |
| 003 - Identifikátor kontrolního čísla |
| Řídící pole proměnné |
CZ PrNK |
| 005 - Datum posledního zpracování |
| Řídící pole 16B |
20260512145338.0 |
| 007 - Pole pevné délky pro fyzický popis |
| Řídící pole kódované |
ta |
| 008 - Údaje pevné délky |
| Řídící pole kódované 40B |
250915s2025 xr a g 6 000 1 czed |
| 015 ## - |
| -- |
cnb003697889 |
| 020 ## - ISBN |
| ISBN |
978-80-275-2525-6 |
| -- |
(brožováno) |
| 035 ## - |
| -- |
(OCoLC)1559932626 |
| 040 ## - Zdroj katalogizace-agentura |
| Agentura původní katalogizace |
ABG001 |
| Jazyk katalogizace |
cze |
| Agentura upravující záznam |
ABA001 |
| Použitá pravidla popisu |
rda |
| 041 1# - Kód jazyka |
| Kód jazyka textu/zvuku, mezititulků |
cze |
| Kód jazyka originálu |
jpn |
| 072 #7 - Kód předmětové kategorie - Konspekt |
| Předmětová kategorie |
741.52 |
| Zpřesnění předmětové kategorie |
Komiksy. Komiksové adaptace |
| Zdroj předmětové klasifikace |
Konspekt |
| -- |
21 |
| 080 ## - MDT |
| Klasifikační znak MDT |
741.52(0:82-32) |
| Idetifikátor vydání MDT |
MRF |
| 080 ## - MDT |
| Klasifikační znak MDT |
821-9-055.3/.4 |
| Idetifikátor vydání MDT |
MRF |
| 044 ## - Kód země vydání/výroby |
| Kód geografické oblasti/země |
xr |
| 100 1# - Hlavní záhlaví - osobní jméno autora |
| Osobní jméno |
Tagame, Gengoro, |
| Datumy související se jménem |
1964- |
| -- |
xx0336152 |
| Kód role |
aut |
| 9 (RLIN) |
20748 |
| 240 10 - Unifikovaný název |
| Unifikovaný název |
<a href="Otōto no otto.">Otōto no otto.</a> |
| Jazyk díla |
Česky |
| 245 10 - Údaje o názvu |
| Název |
Manžel mého bratra / |
| Údaj o odpovědností, atd. |
Gengoró Tagame ; přeložili Anna a Igor Cimovi |
| 250 ## - Údaje o vydání |
| Označení vydání |
První vydání |
| 264 #1 - Nakladatelské údaje |
| Místo vydání |
Brno : |
| Nakladatel |
Host, |
| Rok vydání |
2025 |
| 300 ## - Fyzický popis |
| Rozsah |
348 nečíslovaných stran : |
| další fyzické údaje |
ilustrace ; |
| Rozměry |
21 cm |
| 336 ## - |
| -- |
text |
| -- |
txt |
| -- |
rdacontent |
| 336 ## - |
| -- |
statický obraz |
| -- |
sti |
| -- |
rdacontent |
| 337 ## - |
| -- |
bez média |
| -- |
n |
| -- |
rdamedia |
| 338 ## - |
| -- |
svazek |
| -- |
nc |
| -- |
rdacarrier |
| 500 ## - Všeobecná poznámka |
| Text obecné poznámky |
Přeloženo z japonštiny |
| 500 ## - Všeobecná poznámka |
| Text obecné poznámky |
Na obálce uvedeno číslo 1 |
| 520 2# - Anotace |
| Anotace, atd. |
Cenami ověnčený komiksový příběh o kulturních rozdílech, homofobii a univerzální touze po rodině. |
| Rozšířený text anotace |
Rozvedený Jaiči vychovává dcerku Kanu, se kterou žije na předměstí Tokia. Jednoho dne se na jejich prahu objeví statný Kanaďan Mike. Jako by už to samo o sobě nebyl dostatečný šok, Mike navíc tvrdí, že je vdovcem po Jaičiho dvojčeti Rjódžim. Mike by rád poznal rodinu svého manžela a dozvěděl se víc o jeho minulosti, ale také o japonských zvycích či gastronomii. Jaiči se ho zprvu neochotně ujme a je konfrontován s vlastními předsudky. I díky Kaně, která si "kanadského medvídka" ihned oblíbí, Jaiči zjišťuje, že svého bratra, s nímž se po jeho coming outu přestal vídat, téměř neznal. Nakladatelská anotace. Kráceno. |
| 655 #7 - Rejstříkový termín - žánr/forma |
| Žánr/forma či základní termín |
manga |
| -- |
fd1057492 |
| -- |
czenas |
| -- |
14003 |
| 655 #7 - Rejstříkový termín - žánr/forma |
| Žánr/forma či základní termín |
queer literatura |
| -- |
fd1230250 |
| -- |
czenas |
| -- |
18889 |
| 655 #9 - Rejstříkový termín - žánr/forma |
| Žánr/forma či základní termín |
manga |
| -- |
eczenas |
| -- |
14003 |
| 655 #9 - Rejstříkový termín - žánr/forma |
| Žánr/forma či základní termín |
queer literature |
| -- |
eczenas |
| -- |
18890 |
| 700 1# - Vedlejší záhlaví - osobní jméno autora |
| Osobní jméno |
Cima, Anna, |
| Datumy související se jménem |
1991- |
| -- |
xx0226998 |
| Kód role |
trl |
| 9 (RLIN) |
8583 |
| 700 1# - Vedlejší záhlaví - osobní jméno autora |
| Osobní jméno |
Cima, Igor, |
| Datumy související se jménem |
1991- |
| -- |
xx0254661 |
| Kód role |
trl |
| 9 (RLIN) |
20749 |
| 901 ## - |
| -- |
9788027525256 |
| -- |
1. vydání |
| -- |
20251106 |
| 998 ## - Místní kontrolní číslo (RLIN) |
| -- |
003697889 |
| 910 ## - Údaje o vlastníkovi jednotky (exempláře) |
| Sigla vlastníka jednotky |
ABG508 |
| 993 ## - pracovní čísla |
| -- |
280.00 |
| -- |
469.00 |
| -- |
Team Business |
| -- |
2026-05-12 |
| -- |
1076848 |